00985 a2200277 4500003000500000005001700005010001700022020001500039020001800054035002400072040000900096082001300105100002400118245011100142246002400253250001200277260006000289300004900349505015600398650002300554650002200577650001500599651003800614700002500652700003000677Nust20230221102808.0 a 2009455182 a0205625134 a9780205625130 a(OCoLC)ocn351718999 cNust a301, EIT1 aEitzen, D. Stanley.10aIn conflict and order :bunderstanding society /cD. Stanley Eitzen, Maxine Baca Zinn, Kelly Eitzen Smith.3 aIn conflict & order a5th ed. aBoston :bAllyn and Bacon :bimprint of Pearson,c1991. axix, [1], 543 p.bill. (some col.) ;c24 cm. aThe Sociological Approach (Page -1), The Individual in Society (Page -96), Structure of Social Inequality (Page -203), Social institutions (Page -339). 0aSocial psychology. 0aSocial structure. 0aSociology. 0aUnited StatesxSocial conditions.1 aSmith, Kelly Eitzen.1 aZinn, Maxine Baca,d1942-